[Event "ROM-ch U12"]
[Site "Calimanesti"]
[Date "2015.04.02"]
[Round "5"]
[White "Corfu, Gabriel Ionut"]
[Black "Lucutar, Teodor Felix"]
[Result "1-0"]
[WhiteElo "1376"]
[BlackElo "1099"]
[PlyCount "45"]
[EventDate "2015.03.30"]
[EventType "swiss"]
[EventRounds "9"]
[EventCountry "ROU"]
[SourceTitle "CBM 165 Extra"]
[Source "ChessBase"]
[SourceDate "2015.04.21"]
[SourceVersion "1"]
[SourceVersionDate "2015.04.21"]
[SourceQuality "1"]

1. e4 e5 2. Nf3 Nc6 3. Nc3 Nf6 4. d4 exd4 5. Nxd4 Nxd4 6. Qxd4 c5 7. Qd1 Qe7 8. Bd3 d5 9. Bb5+ Bd7 10. Bxd7+ Kxd7 11. 0-0 Nxe4 12. Qxd5+ Nd6 13. Nb5 a6 14. Nxd6 Qxd6 15. Qxb7+ Qc7 16. Qxa8 Qc8 17. Rd1+ Kc7 18. Qa7+ Kc6 19. Qxf7 Qg4 20. Qd5+ Kb5 21. Qb7+ Kc4 22. Qxa6+ Kb4 23. Bd2# 1-0

[Event "ROM-ch U12"]
[Site "Calimanesti"]
[Date "2014.04.09"]
[Round "5"]
[White "Dobrin, Ionut Alexandru"]
[Black "Lucutar, Teodor Felix"]
[Result "1-0"]
[WhiteElo "1342"]
[BlackElo "1108"]
[PlyCount "113"]
[EventDate "2014.04.06"]
[EventType "swiss"]
[EventRounds "9"]
[EventCountry "ROU"]
[SourceTitle "CBM 160 Extra"]
[Source "ChessBase"]
[SourceDate "2014.07.01"]
[SourceVersion "1"]
[SourceVersionDate "2014.07.01"]
[SourceQuality "1"]

1. d4 d5 2. c4 dxc4 3. Nc3 Nf6 4. e4 Bg4 5. f3 Bh5 6. Bxc4 e6 7. Nge2 c5 8. Bb5+ Nbd7 9. 0-0 cxd4 10. Qxd4 a6 11. Bxd7+ Nxd7 12. Kh1 e5 13. Qd3 Bc5 14. Be3 Bxe3 15. Qxe3 0-0 16. Rfd1 Qe7 17. Rd2 Rfd8 18. Rad1 f6 19. Nd5 Qe6 20. Nc7 Qxa2 21. Nxa8 Rxa8 22. Rxd7 Qxb2 23. Rd8+ Rxd8 24. Rxd8+ Kf7 25. h3 b5 26. Ng3 Bg6 27. Qa7+ Ke6 28. Qxa6+ Ke7 29. Rb8 Qc1+ 30. Kh2 Qc7 31. Rb7 Qxb7 32. Qxb7+ Kd6 33. Qxb5 Bf7 34. Qb6+ Kd7 35. Nf5 Ke8 36. Nd6+ Kf8 37. Nxf7 Kxf7 38. Qc7+ Kg6 39. Kg3 h5 40. Kh4 f5 41. Qxe5 fxe4 42. Qxh5+ Kf6 43. Qg5+ Kf7 44. Qf5+ Ke7 45. Qxe4+ Kf8 46. Qb7 Kg8 47. Kg5 Kh7 48. Qf7 Kh8 49. Qh5+ Kg8 50. Kf5 Kf8 51. Ke6 Kg8 52. Qe8+ Kh7 53. Kf5 g6+ 54. Qxg6+ Kh8 55. Qg3 Kh7 56. Kf6 Kh8 57. Qg7# 1-0

[Event "ROM-ch U12"]
[Site "Calimanesti"]
[Date "2014.04.06"]
[Round "1"]
[White "Lucutar, Teodor Felix"]
[Black "Gheorghiu, Alexandru Dan"]
[Result "0-1"]
[WhiteElo "1108"]
[BlackElo "1608"]
[PlyCount "84"]
[EventDate "2014.04.06"]
[EventType "swiss"]
[EventRounds "9"]
[EventCountry "ROU"]
[SourceTitle "CBM 160 Extra"]
[Source "ChessBase"]
[SourceDate "2014.07.01"]
[SourceVersion "1"]
[SourceVersionDate "2014.07.01"]
[SourceQuality "1"]

1. e4 e5 2. Nf3 Nc6 3. Nc3 Nf6 4. d4 exd4 5. Nxd4 Bb4 6. Nxc6 bxc6 7. Bf4 0-0 8. Bd3 Re8 9. 0-0 Bxc3 10. bxc3 Nxe4 11. Bxe4 Rxe4 12. Qg4 Qf6 13. g3 d5 14. Qg5 Qxg5 15. Bxg5 Bh3 16. Rfe1 Rae8 17. Rxe4 Rxe4 18. f3 Re2 19. Rb1 h6 20. Bf4 Rxc2 21. Bxc7 Rxc3 22. Be5 Rxf3 23. Re1 c5 24. Bf4 d4 25. Be5 a6 26. a4 Ra3 27. Kf2 Rxa4 28. Kf3 d3 29. Bc3 Bg4+ 30. Ke3 Be2 31. Bd2 Ra2 32. Rc1 a5 33. Rxc5 a4 34. Ra5 a3 35. Bc1 Bf1 36. Rxa3 Rxh2 37. Bd2 Rg2 38. Kf3 Rxd2 39. Ke3 Rc2 40. Ra1 Re2+ 41. Kxd3 Ra2+ 42. Ke3 Rxa1 0-1